000 00551nam a22001817a 4500
003 0
005 20231207143754.0
008 231207b xxu||||| |||| 00| 0 eng d
020 _a978-0-545-23262-3
050 _aTR
_bAre678 2013
082 _aTR
_bAre678 2013
100 _aWillems, Mo
245 _aAre you ready to play outside? : an elephant and piggie book
_cMo Willems
260 _aLondon
_bWalker Books and Subsidiaries
_cc2013.
300 _a61 pages :
_bcolored lllustrations ;
_c23cm.
650 _aChildren's stories.
942 _2ddc
_cBK
999 _c365731
_d365731